000 01219naa a22003737a 4500
001 BR8800613
003 BR-BrBNA
005 20240918175930.0
007 ta
008 230509b bl.||||| |||| 00| 0 por d
040 _aBR-BrBNA
_bpor
_cBiblioteca Nacional de Agricultura
041 _a(Pt)
072 _aF30
_b0336
_bG514
090 _aF30 BR8800613
100 1 _aSediyama, T.
100 1 _aSediyama, C.S.
100 1 _aReis, E.C.
100 1 _aPrado, W.M.B.
100 1 _aRocha, V.S.
100 1 _aOliveira, A.B. de
100 1 _aReis, M.S. dos
100 1 _aGomes, J.L.L.
100 1 _aSegatto, D.C.
245 1 _aComportamento de genotipos de soja em Monte Alegre de Minas Gerais 1985/86
260 3 _aUberlandia, MG (Brasil):
_c1987.
500 _aDia-de-campo sobre a cultura da soja na fazenda Canada - ABC A P Uberlandia, MG (Brasil): 1987. p. 10-11 (BR8800613-AM)F30
650 _aSOJA
650 _aCOMPORTAMENTO DE VARIEDADE
650 _aGENOTIPO
650 _aMINAS GERAIS
773 0 _tDia-de-campo sobre a cultura da soja na fazenda Canada - ABC A P
_wF30 BR8800613
_gUberlandia, MG (Brasil), 1987. p. 10-11
909 _a202404
_bLucia
_c55
_dLucia Elande
942 _cAM
_2AGRIS
999 _c318866
_d318866